Name the country - By Clue - Statistics

General Stats
  • This quiz has been taken 2,155 times
    1,830 since last reset
  • The average score is 13 of 25
Answer Stats
Hint Answer % Correct
Sombreros and Nachos Mexico
97%
Bordered only by Spain Portugal
96%
Vladimir Putin is from this country Russia
85%
Abu Dhabi is the capital city United Arab Emirates
85%
Toyota is based here Japan
84%
This country is the world's largest producer of maple syrup Canada
78%
Monte Carlo is here Monaco
73%
Vincent Van Gogh is from here Netherlands
73%
Carlos Tevez and Diego Maradona are from here Argentina
64%
Easter Island is a territory of this country Chile
59%
Aer Lingus is the nation's oldest currently operating airline Republic of Ireland
55%
Capital city is Accra Ghana
54%
The Maasai Mara National Reserve is here Kenya
51%
Home to the longest metro system and largest city (core districts only) in the world China
42%
The flag is green with a red circle in the middle Bangladesh
39%
Doug Howlett played for the rugby team New Zealand
37%
Home to Victoria Falls Zimbabwe
34%
This country won the ice hockey World Championships in 2011 Finland
31%
Nickname of the football team is Bafana Bafana South Africa
28%
The long jump originated here Greece
22%
Where sprinter Warren Weir is from Jamaica
17%
Eastern half of the country was claimed by the British Empire in 1770 Australia
16%
The biggest stadium in the world is here North Korea
13%
Home to the world's richest monarch Thailand
11%
"Orientales, la Patria o la Tumba" is the first line of the (world's longest) national anthem Uruguay
9%
No matching quizzes found
Score Distribution
Percent of People with Each Score
Percentile by Number Answered
Your Score History
You have not taken this quiz since the last reset